| 000 | 00571nam a2200193Ia 4500 | ||
|---|---|---|---|
| 003 | OSt | ||
| 005 | 20230602110205.0 | ||
| 008 | 210423s1983 xx 000 0 und d | ||
| 040 | _cAL | ||
| 041 | _aeng | ||
| 082 |
_a305.5122 _223 _b GOVW |
||
| 245 | _aWelfare of scheduled caste scheduled tribes and minorities in karnataka | ||
| 260 |
_aBangalore _bCentre for social action _c1983 |
||
| 365 | _cINR | ||
| 650 |
_aSocial Classes _9118636 |
||
| 650 |
_aSociology _9118637 |
||
| 906 | _acaste ; karnataka ; minorities ; scheduled ; tribes ; Welfare | ||
| 942 |
_2ddc _cBK |
||
| 999 |
_c174736 _d174736 |
||